| 000 | 00401cam a2200157ua 4500 | ||
|---|---|---|---|
| 041 |
_aeng _h |
||
| 082 |
_a671 _bLIT/ME |
||
| 100 | _aLittle, Richard.L . | ||
| 245 |
_aMetal working technology / _cL.Richard Little. _hTextual Documents |
||
| 250 |
_a1 / _b. |
||
| 260 |
_a : _bTata Mc-Graw Hill Publishing Company , _c1978. |
||
| 300 | _a430 ; . | ||
| 504 | _a | ||
| 942 | _cBK | ||
| 999 |
_c2438 _d2438 |
||